[Event "SR 2. liga A 2002/2003"]
[Site "?"]
[Date "2003.02.08"]
[Round "8.6"]
[White "Raczko, Peter"]
[Black "Syc, Marian"]
[Result "0-1"]
[WhiteElo "2067"]
[BlackElo "1900"]
[PlyCount "60"]
[EventDate "2002.??.??"]

1. e4 e5 2. Nf3 Nc6 3. Bc4 Nf6 4. d3 Be7 5. O-O O-O 6. Bg5 d6 7. h3 Na5 8. Nbd2
Nxc4 9. Nxc4 Be6 10. Ncd2 h6 11. Be3 Nh7 12. Nh2 f5 13. exf5 Bxf5 14. f4 exf4
15. Bxf4 Qe8 16. Nc4 Qg6 17. Kh1 Be6 18. Qd2 Nf6 19. Nf3 Nh5 20. Bh2 Bd5 21.
Rae1 Rf7 22. Qe2 Raf8 23. Ncd2 Bf6 24. a4 Bh4 25. Rc1 Rf4 26. Bxf4 Rxf4 27. Kh2
Bf6 28. b3 Bc3 29. Nh4 Qg5 30. Ndf3 Qf6 {Dalsich asi 5 tahov sa neda
zrekonstruovat, na oboch partiaroch su chyby. Biely prekrocil cas.} 0-1

[Event "SR 2. liga A 2002/2003"]
[Site "?"]
[Date "2003.02.08"]
[Round "8.6"]
[White "Samko, Karol"]
[Black "Mandak, Miroslav"]
[Result "1/2-1/2"]
[WhiteElo "1982"]
[BlackElo "2060"]
[PlyCount "83"]
[EventDate "2002.??.??"]

1. e4 c5 2. Nf3 d6 3. d4 cxd4 4. Nxd4 Nf6 5. Nc3 g6 6. Be3 Bg7 7. Be2 Nc6 8.
O-O O-O 9. Qd2 Bd7 10. Rad1 Rc8 11. f4 a6 12. h3 Qc7 13. Nb3 Rfd8 14. Bf3 b5
15. a3 Be6 16. Nd5 Bxd5 17. exd5 Nb8 18. c3 Nbd7 19. Qf2 Rf8 20. Bd4 e5 21.
dxe6 fxe6 22. Bxf6 Nxf6 23. Nd4 Rce8 24. Nc2 e5 25. Qd2 e4 26. Be2 d5 27. Nb4
Rd8 28. Kh2 a5 29. Nc2 Nh5 30. Bxh5 gxh5 31. Kh1 Bh6 32. g3 Qc8 33. Qg2 Rf7 34.
Rde1 Rg7 35. h4 Rf8 36. Qh2 Kh8 37. Ne3 Qc5 38. Nc2 Rfg8 39. Rg1 Qc4 40. Qf2
Qc8 41. Kh2 Rd7 42. Qe2 1/2-1/2

[Event "SR 2. liga A 2002/2003"]
[Site "?"]
[Date "2003.02.08"]
[Round "8.7"]
[White "Diviak, Rastislav"]
[Black "Hajtmanek, Stanislav"]
[Result "1/2-1/2"]
[WhiteElo "1824"]
[BlackElo "1814"]
[PlyCount "153"]
[EventDate "2002.??.??"]

1. e4 e5 2. Nf3 Nc6 3. Bb5 Bc5 4. O-O Nf6 5. d3 d6 6. h3 O-O 7. Bg5 h6 8. Bh4
Be6 9. c3 a6 10. Bxc6 bxc6 11. d4 exd4 12. cxd4 Bb6 13. Qc2 g5 14. Bg3 Nh5 15.
Bh2 g4 16. hxg4 Bxg4 17. Nbd2 Qd7 18. e5 Be6 19. Rfe1 Bd5 20. Ne4 Rae8 21. Kh1
Qg4 22. Qd3 f6 23. Ned2 fxe5 24. dxe5 Bxf2 25. Re2 Ng3+ 26. Bxg3 Bxg3 27. exd6
Rxe2 28. Qxe2 Qh5+ 29. Kg1 Bxd6 30. Ne4 Bh2+ 31. Kf1 Bxe4 32. Qxe4 Qb5+ 33. Qe2
Be5 34. Qxb5 cxb5 35. Rc1 Bd6 36. Ke2 Re8+ 37. Kf2 Kf7 38. Rh1 Kg6 39. b3 Kg7
40. Nh4 Kh7 41. Nf5 Bf4 42. g3 Bg5 43. Rd1 Rd8 44. Rxd8 Bxd8 45. Nd4 Be7 46.
Kf3 Kg6 47. g4 Kf6 48. Nf5 Bf8 49. Kf4 c5 50. Ne3 Bd6+ 51. Kf3 Ke5 52. Nf5 Bf8
53. Ke2 h5 54. Nh4 Kf6 55. gxh5 Kg5 56. Nf3+ Kxh5 57. Kd3 Kg4 58. Nd2 Kf4 59.
a4 Ke5 60. axb5 axb5 61. Ne4 Be7 62. Nc3 b4 63. Na4 Kd5 64. Nb2 Bf6 65. Nc4 Be5
66. Ne3+ Kc6 67. Nc4 Bd4 68. Nd2 Be5 69. Nc4 Bf4 70. Nb2 Bd6 71. Nc4 Bf8 72.
Ne3 Kd6 73. Nc4+ Kd5 74. Ne3+ Ke5 75. Nc4+ Kf4 76. Nd2 Be7 77. Nc4 1/2-1/2

[Event "SR 2. liga A 2002/2003"]
[Site "?"]
[Date "2003.02.08"]
[Round "8.7"]
[White "Janecek, Jan"]
[Black "Palka, Miroslav"]
[Result "0-1"]
[WhiteElo "1982"]
[BlackElo "2012"]
[PlyCount "92"]
[EventDate "2002.??.??"]

1. d4 d5 2. Nf3 Nf6 3. e3 g6 4. Be2 Bg7 5. b3 O-O 6. Bb2 c5 7. O-O b6 8. Nbd2
Bb7 9. c4 Nbd7 10. h3 Re8 11. Rc1 Rc8 12. Rc2 cxd4 13. exd4 dxc4 14. bxc4 Ne4
15. Nxe4 Bxe4 16. Bd3 Bxd3 17. Qxd3 e6 18. Rd1 Nf6 19. Qe2 Nh5 20. g3 Qd6 21.
Kg2 Red8 22. Qe1 Qc6 23. Qe2 b5 24. c5 a6 25. Kh2 Rd5 26. Ne5 Bxe5 27. dxe5
Rxc5 28. Rxc5 Qxc5 29. Rc1 Qf8 30. Ba3 Qe8 31. Rxc8 Qxc8 32. Qd2 Ng7 33. Qd6
Nf5 34. Qd2 h5 35. g4 hxg4 36. hxg4 Ng7 37. Kg3 Ne8 38. Bb4 Nc7 39. Qc3 Qd8 40.
Ba5 Nd5 41. Qd2 Qe7 42. f4 Qa3+ 43. Kh4 Qf3 44. f5 exf5 45. gxf5 Qe4+ 46. Kg3
Qxe5+ 0-1

[Event "SR 2. liga A 2002/2003"]
[Site "?"]
[Date "2003.02.08"]
[Round "8.7"]
[White "Mihalik, Anton"]
[Black "Simon, Lukas"]
[Result "1-0"]
[WhiteElo "1939"]
[BlackElo "1980"]
[PlyCount "99"]
[EventDate "2002.??.??"]

1. e4 c5 2. Nc3 d6 3. g3 Nf6 4. Bg2 e6 5. Nge2 Be7 6. O-O a6 7. d3 h6 8. h3 Nc6
9. Be3 d5 10. exd5 Nxd5 11. Bd2 O-O 12. Kh2 Bf6 13. Rb1 b6 14. Ne4 Bb7 15. Nf4
Be5 16. Nxd5 exd5 17. Nc3 Ne7 18. Re1 Bf6 19. Qg4 Kh8 20. Qh5 Kh7 21. Re2 Qd7
22. Rbe1 Rae8 23. h4 Bxc3 24. bxc3 d4 25. Bxb7 Qxb7 26. cxd4 Qd7 27. dxc5 bxc5
28. Qxc5 Nc6 29. Rxe8 Rxe8 30. Rxe8 Qxe8 31. Qf5+ Kh8 32. Bc3 f6 33. Qe4 Qd7
34. d4 Ne7 35. Bd2 Nf5 36. Be3 Qc8 37. d5 Nxe3 38. fxe3 Qc3 39. Qe8+ Kh7 40.
Qe4+ Kh8 41. Qd3 Qe1 42. Kg2 Qa5 43. d6 g5 44. d7 Qd8 45. hxg5 hxg5 46. c4 g4
47. c5 Kg7 48. Qd6 Qh8 49. d8=Q Qh3+ 50. Kg1 1-0

[Event "SR 2. liga A 2002/2003"]
[Site "?"]
[Date "2003.02.08"]
[Round "8.7"]
[White "Mosny, Jaroslav"]
[Black "Duris, Ivan"]
[Result "0-1"]
[WhiteElo "2060"]
[BlackElo "2023"]
[PlyCount "70"]
[EventDate "2002.??.??"]

1. d4 d5 2. Nf3 Nf6 3. c4 e6 4. cxd5 exd5 5. Bg5 Bd6 6. Nc3 c6 7. Qc2 O-O 8. e3
Bg4 9. Bd3 h6 10. Bh4 Nbd7 11. Rc1 Re8 12. Bf5 Qb6 13. O-O Bxf5 14. Qxf5 Qxb2
15. Rc2 Qa3 16. Rb1 Qa6 17. Ne2 Re6 18. Bxf6 Nxf6 19. Ne5 Bxe5 20. dxe5 Nd7 21.
Nf4 Re7 22. e6 fxe6 23. Nxe6 Nf6 24. Nc5 Qa5 25. g4 b6 26. Ne6 Qa4 27. h3 Rae8
28. Nd4 Re5 29. Qd3 c5 30. Ne2 Qd7 31. Ng3 h5 32. Kg2 hxg4 33. h4 Nh5 34. Rd1
Qf7 35. Qe2 Nf4+ 0-1

[Event "SR 2. liga A 2002/2003"]
[Site "?"]
[Date "2003.02.08"]
[Round "8.7"]
[White "Sabolik, Frantisek"]
[Black "Vach, Jozef"]
[Result "0-1"]
[WhiteElo "2124"]
[BlackElo "1860"]
[PlyCount "82"]
[EventDate "2002.??.??"]

1. d4 Nf6 2. c4 e6 3. Nc3 d5 4. Bg5 Nbd7 5. e4 dxe4 6. Nxe4 Bb4+ 7. Nd2 Be7 8.
Bd3 c5 9. Ngf3 b6 10. O-O O-O 11. Re1 Re8 12. Ne4 Bb7 13. dxc5 Bxe4 14. Bxe4
Nxe4 15. Bxe7 Qxe7 16. c6 Ndf6 17. Ne5 Qc5 18. Nd3 Qxc6 19. Rc1 Rac8 20. b4
Red8 21. f3 Nd6 22. Qb3 Nde8 23. Ne5 Qb7 24. b5 Rd6 25. Qb4 Nd7 26. Nc6 Nc5 27.
Rc3 Rc7 28. Ree3 Rcd7 29. Ne5 Rd1+ 30. Kf2 R7d2+ 31. Re2 Qc7 32. Rce3 Nd3+ 33.
Rxd3 Rxd3 34. Nxd3 Rxd3 35. Re4 Qd6 36. Qa4 Nf6 37. Re1 Rd2+ 38. Re2 Qd4+ 39.
Ke1 Rd3 40. Kf1 Rd1+ 41. Re1 Rd2 0-1

[Event "SR 2. liga A 2002/2003"]
[Site "?"]
[Date "2003.02.08"]
[Round "8.7"]
[White "Slamena, Michal"]
[Black "Dzavik, Jozef"]
[Result "1/2-1/2"]
[WhiteElo "1768"]
[BlackElo "1997"]
[PlyCount "74"]
[EventDate "2002.??.??"]

1. e4 e6 2. d4 d5 3. Nc3 Bb4 4. exd5 exd5 5. Bd3 Nf6 6. Nge2 O-O 7. Bg5 h6 8.
Bh4 c6 9. Qd2 Bg4 10. f3 Be6 11. O-O c5 12. a3 Ba5 13. Bb5 a6 14. Ba4 Bxc3 15.
Qxc3 c4 16. Bxf6 gxf6 17. Nf4 b5 18. Nh5 f5 19. g4 Nd7 20. Kh1 Kh7 21. b3 Rc8
22. bxc4 bxa4 23. c5 Nf6 24. Ng3 fxg4 25. Qd3+ Kh8 26. Qe3 Ng8 27. Nh5 Qg5 28.
Qxg5 hxg5 29. f4 gxf4 30. Nxf4 Bf5 31. Kg1 Be4 32. Kf2 Ne7 33. Rfe1 Nf5 34. c3
Rfe8 35. Re2 Bf3 36. Rxe8+ Rxe8 37. Re1 Rc8 1/2-1/2

[Event "SR 2. liga A 2002/2003"]
[Site "?"]
[Date "2003.02.08"]
[Round "8.8"]
[White "Galan, Anton"]
[Black "Krist, Milan"]
[Result "1/2-1/2"]
[WhiteElo "1966"]
[BlackElo "2001"]
[PlyCount "112"]
[EventDate "2002.??.??"]

1. e4 e6 2. d4 d5 3. Nd2 Nf6 4. e5 Nfd7 5. Bd3 c5 6. c3 Nc6 7. Ne2 cxd4 8. cxd4
Qb6 9. Nb3 Bb4+ 10. Bd2 a5 11. Bc3 a4 12. Nd2 a3 13. O-O axb2 14. Bxb2 Ba3 15.
Bc3 O-O 16. Rb1 Qc7 17. Rb3 Be7 18. Nf4 g6 19. Qg4 Nb6 20. Bxg6 fxg6 21. Nxg6
Kf7 22. Nxf8 Bxf8 23. Qh5+ Kg8 24. Bb2 Bd7 25. Rg3+ Bg7 26. Qg4 Be8 27. Qxe6+
Qf7 28. Qxf7+ Bxf7 29. Rb3 Ra6 30. f4 Na5 31. Rg3 Nac4 32. Nxc4 Nxc4 33. Bc1
Rg6 34. f5 Rxg3 35. hxg3 Bf8 36. g4 Bb4 37. e6 Be8 38. f6 Nd6 39. Rf3 b6 40. a3
Ba5 41. Bf4 Ne4 42. Be5 Ng5 43. Rf5 Nxe6 44. Bd6 Kf7 45. Rxd5 Kxf6 46. Rf5+ Kg7
47. d5 Nc5 48. Bxc5 bxc5 49. d6 Bd7 50. Re5 Bd8 51. g5 Kf7 52. Kf1 c4 53. Ke2
Be6 54. Kd2 Bb6 55. Kc3 Bf2 56. a4 Bg3 1/2-1/2

[Event "SR 2. liga A 2002/2003"]
[Site "?"]
[Date "2003.02.08"]
[Round "8.8"]
[White "Jozefovic, Milan"]
[Black "Kersten, Juraj"]
[Result "0-1"]
[WhiteElo "1350"]
[BlackElo "1919"]
[PlyCount "38"]
[EventDate "2002.??.??"]

1. e4 e5 2. Nf3 Nf6 3. Nc3 Bb4 4. Nd5 Nxd5 5. exd5 O-O 6. c3 e4 7. Nd4 Bc5 8.
Nb3 Bb6 9. Be2 Qg5 10. O-O Qxd5 11. Qc2 d6 12. d3 Bf5 13. Rd1 Re8 14. Bf4 Nd7
15. Qd2 exd3 16. Bxd3 Qxd3 17. Qxd3 Bxd3 18. Rxd3 Re2 19. Nd2 Rxf2 0-1

[Event "SR 2. liga A 2002/2003"]
[Site "?"]
[Date "2003.02.08"]
[Round "8.8"]
[White "Jurcak, Marian"]
[Black "Godula, Martin"]
[Result "1/2-1/2"]
[WhiteElo "1847"]
[BlackElo "1851"]
[PlyCount "115"]
[EventDate "2002.??.??"]

1. e4 c5 2. Nf3 d6 3. d4 cxd4 4. Nxd4 Nf6 5. Nc3 g6 6. Be3 Bg7 7. f3 Nc6 8. Qd2
Bd7 9. O-O-O h5 10. Bc4 a6 11. a4 Ne5 12. Bb3 Rc8 13. h3 Nc4 14. Bxc4 Rxc4 15.
b3 Rc8 16. g4 Qa5 17. Nb1 Qxd2+ 18. Nxd2 b5 19. g5 Nh7 20. axb5 axb5 21. f4 O-O
22. N2f3 Ra8 23. Kd2 Rfc8 24. f5 Nf8 25. Ra1 f6 26. h4 Kf7 27. Rxa8 Rxa8 28.
Rc1 e5 29. Ne2 gxf5 30. exf5 Bxf5 31. Nc3 Bd7 32. Nd5 Bc6 33. gxf6 Bxf6 34.
Nxf6 Kxf6 35. Ng5 Nd7 36. Rf1+ Kg6 37. Rg1 Kf6 38. Rf1+ Kg7 39. Ne6+ Kg6 40.
Ng5 Rf8 41. Rg1 Kf5 42. Nh7 Rc8 43. Rg5+ Ke6 44. Rxh5 Rg8 45. Ng5+ Ke7 46. Rh7+
Kd8 47. h5 Nf8 48. Rh6 Ke7 49. Kd3 Bd7 50. Ke4 Bc6+ 51. Kd3 Bd7 52. Bd2 Bf5+
53. Kc3 Ne6 54. Nxe6 Bxe6 55. Rh7+ Bf7 56. Kd3 Rg4 57. Bc1 Ke6 58. c3 1/2-1/2

[Event "SR 2. liga A 2002/2003"]
[Site "?"]
[Date "2003.02.08"]
[Round "8.8"]
[White "Mihalik, Milan"]
[Black "Hertel, Ondrej"]
[Result "0-1"]
[WhiteElo "2084"]
[BlackElo "1729"]
[PlyCount "115"]
[EventDate "2002.??.??"]

1. e4 e5 2. Nf3 Nc6 3. Bb5 Nge7 4. d4 exd4 5. Nxd4 Nxd4 6. Qxd4 Nc6 7. Bxc6
dxc6 8. Qxd8+ Kxd8 9. O-O Bd6 10. Be3 Ke7 11. f4 f6 12. Bd4 c5 13. Bc3 c6 14.
e5 fxe5 15. Bxe5 Bxe5 16. Re1 b6 17. Rxe5+ Kf7 18. Nc3 Re8 19. Rxe8 Kxe8 20.
Ne4 Kf8 21. c3 Be6 22. Ng5 Bg8 23. Nf3 Rd8 24. Kf2 Bd5 25. Rd1 Re8 26. Ne5 c4
27. h4 Re7 28. g4 a5 29. Re1 a4 30. a3 b5 31. h5 Kg8 32. g5 Bf7 33. Nxf7 Rxe1
34. Kxe1 Kxf7 35. Ke2 Ke6 36. Ke3 Kf5 37. Kf3 c5 38. Ke3 Kg4 39. g6 hxg6 40.
hxg6 Kf5 41. Kf3 Kxg6 42. Ke4 Kh5 43. Ke5 Kg4 44. f5 Kf3 45. Kd5 Kf4 46. f6
gxf6 47. Kxc5 f5 48. Kxb5 Ke3 49. Kxc4 f4 50. Kb4 f3 51. Kxa4 f2 52. c4 f1=Q
53. b3 Qf5 54. b4 Qd7+ 55. b5 Qd4 56. Kb4 Kd3 57. a4 Qc3+ 58. Kc5 0-1

[Event "SR 2. liga A 2002/2003"]
[Site "?"]
[Date "2003.02.08"]
[Round "8.8"]
[White "Navara, Vladimir"]
[Black "Karlik, Lubomir"]
[Result "0-1"]
[WhiteElo "1768"]
[BlackElo "1891"]
[PlyCount "117"]
[EventDate "2002.??.??"]

1. d4 d5 2. Nf3 Nf6 3. Nc3 Bg4 4. e3 e6 5. Be2 Nbd7 6. O-O a6 7. a3 Bd6 8. h3
Bh5 9. b4 O-O 10. Bb2 a5 11. b5 c5 12. a4 Rc8 13. Ba3 Qe7 14. Nh4 Bxe2 15. Nxe2
Ne4 16. Nf3 cxd4 17. Bxd6 Qxd6 18. exd4 Rc4 19. Nd2 Nxd2 20. Qxd2 Qc7 21. c3
Nf6 22. f3 Nh5 23. Qg5 Nf6 24. Rfc1 h6 25. Qe3 Nh5 26. Ra2 Ng3 27. Nxg3 Qxg3
28. Qf2 Qxf2+ 29. Kxf2 Rfc8 30. Ra3 Rxd4 31. Ke3 Rdc4 32. Kd3 d4 33. Rc2 Kf8
34. Re2 Rxc3+ 35. Rxc3 dxc3 36. Kc2 Ke7 37. Re3 Kf6 38. Rxc3 Rxc3+ 39. Kxc3 Ke5
40. g3 g5 41. Kc4 b6 42. Kd3 h5 43. Ke3 f5 44. Kd3 h4 45. g4 fxg4 46. fxg4 Kf4
47. Kd4 e5+ 48. Kd5 e4 49. Kc6 e3 50. Kxb6 e2 51. Ka7 e1=Q 52. b6 Qb4 53. b7
Kg3 54. b8=Q+ Qxb8+ 55. Kxb8 Kxh3 56. Kb7 Kxg4 57. Kb6 h3 58. Kxa5 h2 59. Kb6
0-1

[Event "SR 2. liga A 2002/2003"]
[Site "?"]
[Date "2003.02.08"]
[Round "8.8"]
[White "Zisek, Jaroslav"]
[Black "Bilka, V."]
[Result "1/2-1/2"]
[WhiteElo "1732"]
[BlackElo "1350"]
[PlyCount "31"]
[EventDate "2002.??.??"]

1. c4 e5 2. Nc3 Nf6 3. e4 d6 4. g3 Be7 5. Bg2 Nc6 6. Nge2 O-O 7. O-O a5 8. d3
Be6 9. f4 Bg4 10. h3 Bxe2 11. Qxe2 Nd4 12. Qf2 Nd7 13. Be3 c5 14. fxe5 dxe5 15.
Nd5 Nb6 16. Qd2 1/2-1/2

[Event "SR 2. liga A 2002/2003"]
[Site "?"]
[Date "2003.02.09"]
[Round "9.1"]
[White "Cvicela, Anton"]
[Black "Flasik, Radoslav"]
[Result "1/2-1/2"]
[WhiteElo "2140"]
[BlackElo "2230"]
[PlyCount "116"]
[EventDate "2002.??.??"]

1. e4 c5 2. c3 Nf6 3. e5 Nd5 4. d4 cxd4 5. Qxd4 e6 6. Nf3 Nc6 7. Qe4 d6 8. Nbd2
dxe5 9. Nxe5 Nxe5 10. Qxe5 Qc7 11. Qxc7 Nxc7 12. Be2 Bd7 13. Bf3 O-O-O 14. Nc4
f6 15. Be3 Kb8 16. O-O-O Be7 17. Na5 Bc8 18. c4 Rxd1+ 19. Rxd1 Rd8 20. Rxd8
Bxd8 21. c5 Nd5 22. Bd2 Bd7 23. Nc4 Bc7 24. g3 Bb5 25. Bxd5 exd5 26. Ne3 Bc6
27. Nf5 g6 28. Nd4 Bd7 29. f4 Bd8 30. Bc3 Kc7 31. Kd2 Be7 32. b4 a6 33. Ke3 a5
34. a3 axb4 35. axb4 b6 36. cxb6+ Kxb6 37. Kf3 Bh3 38. g4 f5 39. g5 Bf1 40. h4
Bd3 41. Ke3 Be4 42. Kd2 Bd6 43. Ke3 Be7 44. Ne6 Kc6 45. Kd4 Bd6 46. Bd2 Kd7 47.
Nc5+ Bxc5+ 48. Kxc5 Kc7 49. Bc3 Kb7 50. Bd4 Bf3 51. b5 Kc7 52. Bc3 Kb7 53. Kd6
Bh5 54. Kxd5 Bg4 55. Ke6 Bh5 56. Kf7 Bg4 57. Kg8 Bh5 58. Kxh7 Kb6 1/2-1/2

[Event "SR 2. liga A 2002/2003"]
[Site "?"]
[Date "2003.02.09"]
[Round "9.1"]
[White "Duriga, Stefan"]
[Black "Jablonicky, Frantisek"]
[Result "1-0"]
[WhiteElo "2221"]
[BlackElo "2234"]
[PlyCount "67"]
[EventDate "2002.??.??"]

1. d4 f5 2. e4 fxe4 3. Nc3 Nf6 4. Bg5 Nc6 5. d5 Ne5 6. Qd4 Nf7 7. Bxf6 exf6 8.
Nxe4 Be7 9. O-O-O O-O 10. f4 f5 11. Nc3 c5 12. Qd3 d6 13. h3 a6 14. g4 b5 15.
g5 c4 16. Qd4 Bd7 17. Nf3 Qa5 18. Kb1 Rfc8 19. h4 b4 20. Ne2 Qc5 21. Bg2 Rab8
22. Qxc5 Rxc5 23. Nfd4 a5 24. Nc6 Re8 25. Ned4 Nd8 26. Rhe1 Kf8 27. Rxe7 Bxc6
28. Nxc6 Rxe7 29. Nxd8 Rc8 30. Ne6+ Kf7 31. h5 a4 32. Rd4 Rb7 33. Bf1 c3 34.
Ba6 1-0

[Event "SR 2. liga A 2002/2003"]
[Site "?"]
[Date "2003.02.09"]
[Round "9.1"]
[White "Harasta, Vladimir"]
[Black "Tepper, Frantisek"]
[Result "1/2-1/2"]
[WhiteElo "2199"]
[BlackElo "2215"]
[PlyCount "40"]
[EventDate "2002.??.??"]

1. Nf3 d5 2. b3 Bg4 3. e3 Nd7 4. Bb2 Ngf6 5. Be2 c6 6. d3 e6 7. Nbd2 Bd6 8. Nh4
Bxe2 9. Qxe2 Qc7 10. g3 O-O 11. O-O Rfe8 12. Rae1 Rad8 13. e4 e5 14. a3 b5 15.
f3 c5 16. exd5 Nxd5 17. c4 bxc4 18. dxc4 N5f6 19. Ne4 Bf8 20. Rd1 g6 1/2-1/2

[Event "SR 2. liga A 2002/2003"]
[Site "?"]
[Date "2003.02.09"]
[Round "9.1"]
[White "Plachetka, Jan"]
[Black "Kleman, Miroslav"]
[Result "1-0"]
[WhiteElo "2451"]
[BlackElo "2207"]
[PlyCount "55"]
[EventDate "2002.??.??"]

1. e4 d5 2. exd5 Qxd5 3. Nc3 Qa5 4. Bc4 Nf6 5. d3 c6 6. Bd2 Qc7 7. Qe2 Bf5 8.
Nf3 Nbd7 9. h3 e6 10. O-O-O O-O-O 11. Nh4 Bg6 12. f4 Bd6 13. Rhf1 Nb6 14. Bb3
Rhe8 15. Qf3 Kb8 16. Ne4 Nxe4 17. dxe4 f5 18. Nxg6 hxg6 19. Ba5 Qe7 20. Rfe1
Qh4 21. g3 Qxh3 22. e5 Bc5 23. Rxd8+ Rxd8 24. Bxe6 Qh2 25. Bf7 Nd5 26. Bxd8
Be3+ 27. Rxe3 Qg1+ 28. Kd2 1-0

[Event "SR 2. liga A 2002/2003"]
[Site "?"]
[Date "2003.02.09"]
[Round "9.1"]
[White "Smolen, Jan"]
[Black "Meszaros, Michal"]
[Result "1/2-1/2"]
[WhiteElo "2148"]
[BlackElo "2309"]
[PlyCount "72"]
[EventDate "2002.??.??"]

1. c4 g6 2. g3 Bg7 3. Bg2 c5 4. Nc3 Nc6 5. a3 e6 6. Rb1 Nge7 7. b4 d6 8. e3 O-O
9. Nge2 Rb8 10. O-O b6 11. d4 cxb4 12. axb4 Bb7 13. Ba3 Qd7 14. c5 dxc5 15.
dxc5 Qxd1 16. Rfxd1 bxc5 17. b5 Nb4 18. Rd7 Bxg2 19. Kxg2 Ned5 20. Bxb4 Nxb4
21. Rxa7 Rfd8 22. Rc7 Bf8 23. Ra1 Bd6 24. Rca7 Be5 25. f4 Bxc3 26. Nxc3 Nc2 27.
R1a6 Nxe3+ 28. Kh3 Nd5 29. Nxd5 exd5 30. b6 d4 31. Rc7 d3 32. Raa7 Rf8 33. Rxc5
d2 34. Rd7 Rfd8 35. Rcd5 Rxd7 36. Rxd7 Rxb6 1/2-1/2

[Event "SR 2. liga A 2002/2003"]
[Site "?"]
[Date "2003.02.09"]
[Round "9.1"]
[White "Tibensky, Robert"]
[Black "Kundrik, Peter"]
[Result "1-0"]
[WhiteElo "2467"]
[BlackElo "2199"]
[PlyCount "72"]
[EventDate "2002.??.??"]

1. d4 Nf6 2. Nf3 g6 3. c4 Bg7 4. g3 d6 5. Bg2 O-O 6. O-O Nc6 7. d5 Na5 8. Nbd2
c5 9. e4 a6 10. Rb1 b5 11. cxb5 axb5 12. b4 cxb4 13. Rxb4 Nc4 14. Nxc4 bxc4 15.
Qc2 Qa5 16. a3 Nd7 17. Rd1 Nc5 18. Rxc4 Ba6 19. Rb4 Rfc8 20. Bh3 Rcb8 21. Qd2
Qc7 22. Qc2 Bb5 23. Qd2 Na6 24. Rb1 Ba4 25. Rxb8+ Rxb8 26. Rf1 Qc4 27. Qf4 Nc5
28. Re1 Qc3 29. Bf1 Bc2 30. Bd2 Qxa3 31. e5 dxe5 32. Nxe5 Bf6 33. Ng4 Rb6 34.
Qc7 h5 35. Qxb6 hxg4 36. Bb4 Qxb4 1-0

[Event "SR 2. liga A 2002/2003"]
[Site "?"]
[Date "2003.02.09"]
[Round "9.2"]
[White "Bisco, Igor"]
[Black "Lauf, Pavol"]
[Result "1-0"]
[WhiteElo "2120"]
[BlackElo "2135"]
[PlyCount "113"]
[EventDate "2002.??.??"]

1. e4 d6 2. d4 Nf6 3. Nc3 g6 4. Nf3 Bg7 5. h3 O-O 6. Bc4 c6 7. Bb3 Nbd7 8. O-O
Qc7 9. Re1 e5 10. Be3 Re8 11. a4 Nf8 12. a5 Be6 13. Ba4 Bd7 14. dxe5 dxe5 15.
Bc5 Nh5 16. Bd6 Qc8 17. Kh2 f6 18. Ne2 Ne6 19. Ra3 Kh8 20. Rc3 Nef4 21. Nxf4
Nxf4 22. Nd2 Qd8 23. b4 Be6 24. Nc4 Bxc4 25. Rxc4 a6 26. g3 Ne6 27. Rc3 Bf8 28.
Rd3 Bxd6 29. Rxd6 Qc8 30. h4 Nd4 31. c3 Qc7 32. Rxf6 Qe7 33. Rf4 exf4 34. Qxd4+
Qe5 35. gxf4 Qg7 36. e5 Rad8 37. Qe3 Qf7 38. Kg3 Re7 39. e6 Qf6 40. Bb3 Rd6 41.
Qe5 Qxe5 42. Rxe5 Kg7 43. f5 Kf6 44. Rc5 gxf5 45. Kf4 Rd3 46. Rxf5+ Kg7 47. Ke5
Rd8 48. Rg5+ Kh8 49. f4 c5 50. f5 c4 51. Bxc4 h6 52. Rg4 h5 53. Rg5 Rh7 54. f6
b5 55. axb6 Rc8 56. f7 a5 57. Rg8+ 1-0

[Event "SR 2. liga A 2002/2003"]
[Site "?"]
[Date "2003.02.09"]
[Round "9.2"]
[White "Fabry, Robert"]
[Black "Sochna, D."]
[Result "1/2-1/2"]
[WhiteElo "2202"]
[BlackElo "2223"]
[PlyCount "32"]
[EventDate "2002.??.??"]

1. d4 Nf6 2. Nf3 g6 3. c4 Bg7 4. Nc3 O-O 5. e4 d6 6. Be2 e5 7. Be3 exd4 8. Nxd4
Re8 9. f3 c6 10. Bf2 d5 11. exd5 cxd5 12. O-O Nc6 13. c5 Nh5 14. g3 Bh3 15. Re1
Qg5 16. Ndb5 Rad8 1/2-1/2

[Event "SR 2. liga A 2002/2003"]
[Site "?"]
[Date "2003.02.09"]
[Round "9.2"]
[White "Felcir, Jaroslav"]
[Black "Petreje, Juraj"]
[Result "1-0"]
[WhiteElo "2216"]
[BlackElo "2180"]
[PlyCount "103"]
[EventDate "2002.??.??"]

1. e4 d5 2. exd5 Qxd5 3. Nc3 Qd8 4. d4 Nf6 5. Bg5 e6 6. Nf3 Be7 7. Bd3 Nc6 8.
a3 Nd5 9. Bxe7 Ncxe7 10. Ne2 Ng6 11. Qd2 Qf6 12. O-O O-O 13. Be4 c6 14. Rfe1
Rd8 15. Rad1 Bd7 16. Bxg6 hxg6 17. c4 Nc7 18. Nc3 Be8 19. Ne4 Qe7 20. Qf4 f6
21. Re3 e5 22. Qh4 Ne6 23. Nc3 g5 24. Qg3 Bg6 25. h4 Bh5 26. dxe5 f5 27. Rxd8+
Rxd8 28. hxg5 f4 29. Qh4 fxe3 30. Qxh5 Nf4 31. Qg4 exf2+ 32. Kf1 Ng6 33. Qe4
Qe6 34. Ne2 c5 35. g3 b6 36. Nf4 Nxf4 37. gxf4 g6 38. Kxf2 Kg7 39. Qb7+ Rd7 40.
Qe4 a6 41. b4 Kf7 42. Ke2 Ke7 43. Ke3 cxb4 44. axb4 a5 45. bxa5 bxa5 46. Nd4
Qh3+ 47. Nf3 Qe6 48. Nd4 Qb6 49. e6 Rd6 50. Qe5 Qb1 51. Qf6+ Ke8 52. Qf7+ 1-0

[Event "SR 2. liga A 2002/2003"]
[Site "?"]
[Date "2003.02.09"]
[Round "9.2"]
[White "Janos, Martin"]
[Black "Banas, Jan"]
[Result "0-1"]
[WhiteElo "2175"]
[BlackElo "2373"]
[PlyCount "156"]
[EventDate "2002.??.??"]

1. e4 c5 2. Nf3 d6 3. Bb5+ Bd7 4. Bxd7+ Nxd7 5. O-O Ngf6 6. Re1 e6 7. d4 cxd4
8. Nxd4 a6 9. c4 Be7 10. Nc3 Qc7 11. Be3 Qxc4 12. Rc1 Qb4 13. Qd2 Qa5 14. h3
Qd8 15. f4 O-O 16. Bf2 Rc8 17. Rcd1 Qc7 18. f5 e5 19. Nf3 b5 20. a3 Nb6 21. Rc1
Qb7 22. g4 Rc4 23. Qe3 Nfd7 24. g5 Rfc8 25. f6 Bf8 26. fxg7 Bxg7 27. Rcd1 b4
28. axb4 Rxb4 29. Nh4 Rxb2 30. Nf5 Bf8 31. Nh6+ Bxh6 32. gxh6 Kh8 33. Kh1 Rc2
34. Rd3 Rg8 35. Rg1 Rxg1+ 36. Kxg1 Qc8 37. Qe1 Qf8 38. Bxb6 Nxb6 39. Qh4 f6 40.
Rg3 Rc1+ 41. Kf2 f5 42. Rf3 f4 43. Ne2 Rc2 44. Qg5 Nd7 45. Rb3 Rc8 46. Rc3 Nc5
47. Kf3 Re8 48. Rc1 Re6 49. Rb1 Rg6 50. Qf5 Qxf5 51. exf5 Rxh6 52. Kg4 Rf6 53.
Nc3 Rf8 54. Nd5 Kg7 55. Rd1 Kf7 56. Nxf4 exf4 57. Rxd6 Rc8 58. Kxf4 a5 59. Ke5
a4 60. Rd2 Re8+ 61. Kf4 a3 62. Ra2 Re4+ 63. Kf3 Rh4 64. Ke3 Rxh3+ 65. Kd4 Nd7
66. Rc2 Kf6 67. Rc7 Rh4+ 68. Kc3 Ne5 69. Kb3 Rh3+ 70. Ka2 Kxf5 71. Rc8 h5 72.
Rf8+ Ke4 73. Ra8 h4 74. Rf8 Rg3 75. Rh8 h3 76. Rh4+ Ng4 77. Rh8 h2 78. Rf8 Rg2+
0-1

[Event "SR 2. liga A 2002/2003"]
[Site "?"]
[Date "2003.02.09"]
[Round "9.2"]
[White "Machalova, Maria"]
[Black "Szollos, Ondrej"]
[Result "1-0"]
[WhiteElo "2124"]
[BlackElo "2106"]
[PlyCount "53"]
[EventDate "2002.??.??"]

1. c4 Nf6 2. Nc3 c6 3. e4 Qc7 4. d4 d6 5. f4 e5 6. Nf3 Bg4 7. Be3 Be7 8. Qd2
Nbd7 9. Be2 O-O-O 10. O-O h6 11. Rfc1 Nh5 12. fxe5 dxe5 13. d5 Nf4 14. Nb5 cxb5
15. cxb5 Nc5 16. b4 b6 17. bxc5 bxc5 18. g3 Nxe2+ 19. Qxe2 f5 20. Qf2 fxe4 21.
Bxc5 Kb7 22. Bxa7 Qa5 23. Nxe5 Bf3 24. Nc6 Qa3 25. Qb6+ Ka8 26. Nxd8 Rxd8 27.
Rc7 1-0

[Event "SR 2. liga A 2002/2003"]
[Site "?"]
[Date "2003.02.09"]
[Round "9.2"]
[White "Seitler, Andrej"]
[Black "Krajnak, Robert"]
[Result "1/2-1/2"]
[WhiteElo "2133"]
[BlackElo "2175"]
[PlyCount "134"]
[EventDate "2002.??.??"]

1. e4 c5 2. Nc3 e6 3. g3 d6 4. Bg2 Nc6 5. d3 Nf6 6. Be3 Be7 7. Nge2 O-O 8. O-O
a6 9. d4 Ng4 10. Bc1 cxd4 11. Nxd4 Nge5 12. Nce2 Bd7 13. c3 Rc8 14. f4 Nc4 15.
b3 Nb6 16. Bb2 d5 17. e5 Nxd4 18. cxd4 Bb5 19. Rf3 Qd7 20. Nc3 a5 21. Nxb5 Qxb5
22. Bf1 Qd7 23. a4 Na8 24. g4 Qc7 25. Rc1 Qb6 26. Rxc8 Rxc8 27. Bd3 Qb4 28. Bb1
Nb6 29. Qd3 Qe1+ 30. Kg2 g6 31. Re3 Qh4 32. Qe2 Bb4 33. f5 Nd7 34. h3 Nf8 35.
Qf3 Qg5 36. Kh1 b6 37. Qf2 Rc7 38. Kh2 Kg7 39. f6+ Kg8 40. Rd3 h5 41. Kg3 Nh7
42. Qe3 h4+ 43. Kf2 Qxe3+ 44. Rxe3 Ng5 45. Ke2 Bf8 46. Kd3 Bh6 47. Bc2 Ne4 48.
Re2 Bf4 49. Bb1 Bg3 50. Rxe4 dxe4+ 51. Kxe4 Rd7 52. Bd3 Be1 53. Bc4 Rc7 54. Kd3
Bb4 55. Bc1 Rd7 56. Be3 Kh7 57. Bf2 g5 58. Be3 Kh6 59. Bf2 Ba3 60. Kc2 Kg6 61.
Be3 Rc7 62. Kc3 Bb4+ 63. Kd3 Be1 64. Bg1 Bg3 65. Be3 Bf4 66. Bf2 Bc1 67. Bg1
Bf4 1/2-1/2